Statistics for Top 100 MLB Players for 2020

Click here to take the quiz!

General Stats

  • This quiz has been taken 650 times
  • The average score is 64 of 100

Answer Stats

RankTeamPositionAnswer% Correct
1Los Angeles AngelsOFMike Trout
97%
2Milwaukee BrewersOFChristian Yelich
96%
5Los Angeles DodgersOFMookie Betts
96%
3Atlanta BravesOFRonald Acuna Jr
96%
9Houston Astros2BJose Altuve
95%
12New York YankeesSPGerrit Cole
94%
10Houston Astros3BAlex Bregman
93%
4Los Angeles DodgersOFCody Bellinger
93%
7Cleveland IndiansSSFrancisco Lindor
93%
11New York MetsSPJacob deGrom
93%
6Colorado Rockies3BNolan Arenado
93%
17Atlanta Braves1BFreddie Freeman
92%
8Washington NationalsSPMax Scherzer
92%
13Houston AstrosSPJustin Verlander
91%
31New York YankeesOFAaron Judge
89%
22Los Angeles DodgersSPClayton Kershaw
89%
16Washington NationalsSSTrea Turner
89%
18Washington NationalsOFJuan Soto
88%
15Colorado RockiesSSTrevor Story
88%
40Philadelphia PhilliesOFBryce Harper
85%
14Los Angeles Angels3BAnthony Rendon
83%
21Boston Red SoxSPChris Sale
83%
32San Diego PadresSSFernando Tatis Jr
82%
30New York Mets1BPete Alonso
82%
26Cleveland Indians3BJose Ramirez
81%
44Chicago Cubs3BKris Bryant
80%
20Boston Red Sox3BRafael Devers
80%
24New York Yankees2B/SSGleyber Torres
78%
36Chicago CubsSSJavier Baez
78%
42San Diego Padres3B/SSManny Machado
78%
33Washington NationalsSPStephen Strasburg
78%
29Colorado RockiesOFCharlie Blackmon
77%
25Boston Red SoxSSXander Bogaerts
77%
59Chicago Cubs1BAnthony Rizzo
76%
19Boston Red SoxOFJD Martinez
74%
23Los Angeles DodgersSPWalker Buehler
74%
39Atlanta Braves2BOzzie Albies
73%
37Houston AstrosOFGeorge Springer
72%
53Philadelphia PhilliesSPAaron Nola
70%
73Houston AstrosSSCarlos Correa
70%
68New York YankeesOFGiancarlo Stanton
70%
28Cleveland IndiansSPShane Bieber
70%
55Tampa Bay RaysSPBlake Snell
69%
63New York YankeesCGary Sanchez
69%
58Philadelphia PhilliesCJT Realmuto
69%
47Arizona Diamondbacks2B/SSKetel Marte
69%
41Arizona DiamondbacksOFStarling Marte
69%
60Chicago White Sox1BJose Abreu
68%
51Minnesota TwinsDHNelson Cruz
68%
87Cincinnati RedsSPTrevor Bauer
67%
66St. Louis Cardinals1BPaul Goldschmidt
64%
49Kansas City Royals2BWhit Merrifield
63%
48New York Yankees2B/1B/3BDJ LeMahieu
62%
27St. Louis CardinalsSPJack Flaherty
62%
75Toronto Blue JaysSSBo Bichette
61%
69Milwaukee BrewersRPJosh Hader
61%
96New York YankeesRPAroldis Chapman
60%
84Texas RangersSPCorey Kluber
59%
72Oakland Athletics1BMatt Olson
59%
34Washington NationalsSPPatrick Corbin
59%
52Houston AstrosOF/DHYordan Alvarez
59%
67Chicago White SoxC/1BYasmani Grandal
58%
50CIncinnati Reds3BEugenio Suarez
57%
80Chicago CubsCWillson Contreras
57%
99Toronto Blue Jays3BVladimir Guerrero Jr
56%
62New York MetsSPNoah Syndergaard
55%
43Houston AstrosSPZack Greinke
55%
83Minnesota Twins3BJosh Donaldson
53%
82Los Angeles Dodgers2B/1B/3BMax Muncy
53%
46Cincinnati RedsSPLuis Castillo
52%
38Tampa Bay RaysSPCharlie Morton
51%
70New York MetsOF/2B/3BJeff McNeil
51%
56New York YankeesSPLuis Severino
51%
85Houston AstrosOFMichael Brantley
50%
79Chicago CubsSPYu Darvish
50%
86Oakland AthleticsSSMarcus Semien
48%
78Tampa Bay RaysSPTyler Glasnow
48%
57Chicago White SoxSPLucas Giolito
47%
45Cleveland IndiansSPMike Clevinger
47%
61Cincinnati RedsSPSonny Gray
47%
76Minnesota TwinsCMitch Garver
45%
54Kansas City RoyalsSSAdalberto Mondesi
42%
93Texas RangersOFJoey Gallo
41%
100Philadelphia PhilliesSPZack Wheeler
41%
77Kansas City RoyalsOFJorge Soler
40%
71Minnesota TwinsSPJose Berrios
38%
81San Diego PadresRPKirby Yates
38%
95Toronto Blue Jays2B/OFCavan Biggio
37%
91Texas RangersSPLance Lynn
37%
64Tampa Bay RaysOFAustin Meadows
36%
74Milwaukee Brewers2BKeston Hiura
35%
94Chicago White SoxOFEloy Jimenez
34%
90Chicago White SoxOFLuis Robert
34%
89San Diego PadresOFTommy Pham
34%
97Cincinnati RedsOFNicholas Castellanos
32%
65San Diego PadresSPChris Paddack
29%
88Houston AstrosRPRoberto Osuna
29%
98Cleveland IndiansRPBrad Hand
27%
92Washington NationalsOFVictor Robles
26%
35Miami Marlins2B/SSJonathan Villar
25%

Score Distribution

Percentile by Number Answered

Percent of People with Each Score

Your Score History

You have not taken this quiz